Calida de vida: medio ambiente y ordenación del territorio. Textos internacionales
Spremljeno u:
| Glavni autor: | |
|---|---|
| Format: | Knjiga |
| Jezik: | španjolski |
| Izdano: |
Madrid
MOPU
1983
|
| Izdanje: | 1a. ed |
| Teme: | |
| Oznake: |
Dodaj oznaku
Bez oznaka, Budi prvi tko označuje ovaj zapis!
|
MARC
| LEADER | 00000nam a2200000 a 4500 | ||
|---|---|---|---|
| 001 | UCK7503 | ||
| 003 | CL-VaPUC | ||
| 008 | 051125e19830000SP |||||||||||||||||spa|d | ||
| 020 | |a 8474332370 | ||
| 020 | |a 8474332389v.1 | ||
| 020 | |a 8474332400v.2 | ||
| 082 | 0 | 4 | |a 344.046 |b FUE |2 21 |
| 100 | 0 | |a Fuentes Bodelón, Fernando |e author |9 497016 | |
| 245 | 1 | 0 | |a Calida de vida: medio ambiente y ordenación del territorio. Textos internacionales |
| 250 | |a 1a. ed | ||
| 300 | |a v | ||
| 942 | |c BK | ||
| 945 | |d 20051125 00:00:00 |a cmena | ||
| 260 | |a Madrid |b MOPU |c 1983 | ||
| 650 | 0 | |a Derecho ambiental |9 257835 | |
| 650 | 0 | |a Recursos naturales |9 255232 | |
| 650 | 0 | |a Jurisprudencia |9 255952 | |
| 650 | 0 | |a Derecho internacional |9 255637 | |
| 650 | 0 | |a Fuentes del derecho |9 255162 | |
| 650 | 7 | |a RESPONSABILIDAD CIVIL |2 CL-VaPUC |9 497017 | |
| 650 | 0 | |a Contaminación ambiental |9 314181 | |
| 650 | 0 | |a Protección del medio ambiente |9 257626 | |
| 583 | |a last modification |c 20051125 00:00:00 |k Rodrigo Vera | ||
| 999 | |c 315412 |d 315410 | ||
| 952 | |0 0 |1 0 |4 0 |6 344_046000000000000_FUE_1983 |7 0 |8 A |9 388622 |a BIBDER |b BIBDER |d 2019-11-22 |h v.1 |i 4130448 |o 344.046 FUE 1983 |p 4130448 |r 2023-01-25 |w 2019-11-22 |y BK |k DER | ||
| 952 | |0 0 |1 0 |4 0 |6 344_046000000000000_FUE_1983 |7 0 |8 A |9 388623 |a BIBDER |b BIBDER |d 2019-11-22 |h v.2 |i 4123514 |o 344.046 FUE 1983 |p 4123514 |r 2023-01-25 |w 2019-11-22 |y BK |k DER | ||